| 000 | 01639nam a2200481 i 4500 | ||
|---|---|---|---|
| 001 | 196387 | ||
| 003 | ES-MaACL | ||
| 005 | 20250812024136.0 | ||
| 007 | ta | ||
| 008 | 240920t20142014fr a frb 000 0 fre d | ||
| 020 | _a9782081329904 | ||
| 024 | 3 | 0 | _a9782081329904 |
| 035 | _a(OCoLC)892910985 | ||
| 035 | _a934890 | ||
| 035 | _a18115918X | ||
| 040 |
_aABES _bfre _eAFNOR _cES-MaACL _dES-MaACL |
||
| 041 | 0 | _2639-2 | |
| 050 | 4 |
_aN7760 _b.F76x 2014 |
|
| 082 | 0 |
_a753 _222 |
|
| 082 | 0 |
_a753 _214 |
|
| 084 |
_a750. _2DEWBSG |
||
| 100 |
_aFrontisi-Ducroux, Françoise _9238847 |
||
| 245 | 1 | 3 |
_aLe désir et les dieux / _cFrançoise Frontisi-Ducroux, Yves Bonnefoy, Jérôme Delaplanche. |
| 264 | 1 |
_aParis : _bFlammarion, _cDL 2014. |
|
| 300 |
_a255 p. ; _c26 cm. |
||
| 336 |
_btxt _2rdacontent _atexto |
||
| 337 |
_bn _2rdamedia _asin mediación |
||
| 337 |
_bn _2isbdmedia _asin mediación |
||
| 338 |
_bnga _2RDAfrCarrier _avolumen |
||
| 504 | _aBibliogr. p. 249-250. | ||
| 650 | 4 |
_aArte- _vHistoria _910107 |
|
| 650 | 7 |
_aDeseo _xEn el arte _9239111 |
|
| 650 | 4 |
_aMitología clásica _915099 |
|
| 650 | 7 |
_aArte erótico _2embne _9158969 |
|
| 700 | 0 |
_0(IdRef)026738198 _1http://www.idref.fr/026738198/id _aBonnefoy, Yves _930246 |
|
| 700 | 1 |
_aDelaplanche, Jérôme _4aut. _9238852 |
|
| 852 |
_aES-MaACL _cDEPO1 _hDonación: José Manuel Duarte Cendán _9204085 _jA-15426 |
||
| 903 |
_9238529 _aDuarte Cendán, José Manuel _q1 _ednr |
||
| 942 |
_n0 _cMONOGRAFIA |
||
| 999 |
_c196387 _d196387 |
||